000 03037nab a2200277 i 4500
003 BR-BrBNA
005 20250402075416.0
008 250402b2016 bl.qr|pooa||| 00| 0 por |
040 _aBR-BrBNA
_bpor
072 _aF70
100 _aEngels, Mathias Erich
100 _aBarros, Fábio de
100 _aSmidt, Eric de Camargo
245 _aA subtribo Goodyerinae (Orchidaceae: Orchidoideae) no estado do Paraná, Brasil
500 _aPublicação on-line; 27 ref.; 17 illus.; Summaries (En, Pt)
520 _a Resumo A subtribo Goodyerinae é constituída por 32 gêneros e 744 espécies, ocorrendo tanto no Novo quanto no Velho Mundo. Está representada no Novo Mundo por três gêneros nativos, dois dos quais ocorrem no Brasil: Aspidogyne e Microchilus. No estado do Paraná foi constatada a ocorrência destes dois gêneros, com um total de 16 espécies nativas. Também foi registrada a ocorrência de Zeuxine strateumatica, espécie exótica invasora de origem asiática. Três espécies são consideradas criticamente em perigo (CR), sete em perigo (EN), três são vulneráveis (VU) e três não são consideradas em risco de extinção (LC). Aspidogyne schlechteriana é sinonimizada sob A. bidentifera e A. serripetala é restabelecida com táxon autonomo. São apresentados uma chave de identificação para as espécies, descrições morfológicas, comentários, estado de conservação e ilustrações dos táxons estudados. Palavras-chave: Flora do Paraná, Neotrópico, Mata Atlântica, estado de conservação, taxonomia. Abstract The subtribe Goodyerinae comprises 32 genera and 744 species, occurring in both New and Old World. It is represented in the New World by three native genera, two of which occur in Brazil: Aspidogyne and Microchilus. In Paraná State, the reports indicated the occurence of these two genera, with a total of 16 native species. Was also recorded the occurrence of Zeuxine strateumatica, exotic invasive species of Asiatic origin. Three species are considered critically endangered (CR), seven are endangered (EN), three are vulnerable (VU) and three are not considered at risk of extinction (LC). Aspidogyne schlechteriana is synonymized under A. bidentifera and A. serripetala is restabliched with autonomous taxon. An artificial key to the species is presented, as well as morphological descriptions, comments, conservation status, and illustrations of the taxa studied. Key words: Flora of Paraná state, Neotropics, Atlantic rain Forest, status of conservation, taxonomy
650 _aFLORA
650 _aPARANÁ
650 _aMATA ATLÂNTICA
650 _aCONSERVAÇÃO
650 _aTAXONOMIA
773 0 _0709
_9349653
_dRio de Janeiro-RJ Jardim Botanico do Rio de Janeiro 1935
_o2025-2173
_tRodriguésia (Brazil)
_x0370-6583; 2175-7860 on-line
_gv. 67(4) p. 917-952; (2016)
_wBR2025000223
856 _uhttps://www.scielo.br/j/rod/a/rDgtffH4qmbtv49y4MFQhtf/?format=pdf&lang=pt
942 _cANA
999 _c330796
_d330796